header

The practice of diaspora : (Record no. 55368)

MARC details
000 -LEADER
fixed length control field 01394nam a2200325 a 4500
082 04 - DEWEY DECIMAL CLASSIFICATION NUMBER
Classification number 809/.8896/00904
100 1# - MAIN ENTRY--AUTHOR NAME
Personal name Edwards, Brent Hayes.
245 14 - TITLE STATEMENT
Title The practice of diaspora :
260 ## - PUBLICATION, DISTRIBUTION, ETC. (IMPRINT)
Place of publication Cambridge, Mass. :
Name of publisher Harvard University Press,
Year of publication 2003.
300 ## - PHYSICAL DESCRIPTION
Number of Pages viii, 397 p. :
Other physical details ill.
650 #0 - SUBJECT ADDED ENTRY--TOPICAL TERM
Topical Term Literature
Topical Term Literature, Modern
856 40 - ELECTRONIC LOCATION AND ACCESS
Uniform Resource Identifier http://site.ebrary.com/lib/rucke/Doc?id=10328869

No items available.

© 2026 Rongo University
Contact us: librarian | system librarian | Rongo university